Statistics for Top 10 Countries for Education

Click here to take the quiz!

General Stats

  • This quiz has been taken 170 times
    (110 since last reset)
  • The average score is 6 of 10

Answer Stats

RankAnswer% Correct
6United States
94%
5United Kingdom
84%
2Japan
78%
1Canada
73%
4South Korea
66%
7Australia
64%
8Finland
62%
9Norway
60%
3Israel
14%
10Luxembourg
6%

Score Distribution

Percentile by Number Answered

Percent of People with Each Score

Your Score History

You have not taken this quiz since the last reset